[Event "15. OIBM Bad Wiessee"]
[Site "Bad Wiessee"]
[Date "2011.10.29"]
[Round "1.29"]
[White "Hoffmann, Michael"]
[Black "Troidl, Thomas"]
[Result "1-0"]
[WhiteElo "2496"]
[BlackElo "1929"]
[PlyCount "63"]
[EventDate "2011.??.??"]
[WhiteTeam "SG Solingen e.V."]
[BlackTeam "TSV Kareth-Lappersdorf"]

1. d4 f5 2. g3 g6 3. Bg2 Nf6 4. Nh3 Bg7 5. Nf4 c6 6. c4 O-O 7. Nc3 Na6 8. h4
Nc7 9. h5 g5 10. h6 Bh8 11. Nh5 Qe8 12. Ng7 Qg6 13. Qd2 g4 14. Qd3 d6 15. d5 c5
16. e4 fxe4 17. Nxe4 Bxg7 18. hxg7 Rf7 19. Nxf6+ Rxf6 20. Qe2 Qxg7 21. Bd2 e5
22. dxe6 Rxe6 23. Be3 Bd7 24. O-O-O Bc6 25. Bxc6 bxc6 26. Rh4 Re4 27. Rxd6 Rb8
28. Rdh6 Rb4 29. Rxh7 Rexc4+ 30. Kd1 Qxh7 31. Rxh7 Kxh7 32. Qd3+ 1-0

[Event "15. OIBM Bad Wiessee"]
[Site "Bad Wiessee"]
[Date "2011.10.29"]
[Round "1.30"]
[White "Mentel, Juergen"]
[Black "Ziska, Helgi Dam"]
[Result "0-1"]
[WhiteElo "2063"]
[BlackElo "2460"]
[PlyCount "68"]
[EventDate "2011.??.??"]

1. e4 c5 2. Nf3 d6 3. d4 cxd4 4. Nxd4 Nf6 5. f3 e5 6. Bb5+ Nbd7 7. Nf5 d5 8.
exd5 Qa5+ 9. Nc3 a6 10. Bxd7+ Bxd7 11. Ne3 Bc5 12. O-O Bd4 13. Bd2 Nxd5 14.
Ncxd5 Qxd5 15. c3 Ba7 16. Kh1 Qc6 17. Qc2 O-O 18. Rfe1 f5 19. Nf1 Rae8 20. Be3
Bb8 21. Nd2 Rf6 22. Nb3 b6 23. a4 a5 24. c4 Be6 25. Nd2 Bd6 26. b3 Bb4 27. Rf1
Bc8 28. Rad1 Rg6 29. Nb1 f4 30. Bg1 e4 31. fxe4 Rxe4 32. Rd8+ Re8 33. Rxe8+
Qxe8 34. Bxb6 Rxb6 0-1

[Event "15. OIBM Bad Wiessee"]
[Site "Bad Wiessee"]
[Date "2011.10.29"]
[Round "1.31"]
[White "Meins, Gerlef"]
[Black "Jenusch, Robert"]
[Result "1-0"]
[WhiteElo "2490"]
[BlackElo "2041"]
[PlyCount "85"]
[EventDate "2011.??.??"]

1. d4 d5 2. c4 e6 3. Nf3 c6 4. Nbd2 f5 5. g3 Nf6 6. Bg2 Bd6 7. O-O O-O 8. Ne5
Nbd7 9. Nd3 Qe7 10. Qc2 Ne4 11. Nf3 Ndf6 12. Nfe5 Nd7 13. Bf4 g5 14. Nxd7 Bxd7
15. Bxd6 Nxd6 16. c5 Nf7 17. Qc3 Be8 18. e3 Nh8 19. b4 Ng6 20. a4 a6 21. Rfe1
h5 22. f4 h4 23. Bf3 g4 24. Bg2 Qh7 25. Kf2 Kg7 26. Nc1 Rh8 27. Ne2 Ne7 28. Rh1
Ng8 29. Qb2 Nf6 30. Nc3 Ne4+ 31. Bxe4 fxe4 32. Kg2 Kf6 33. Qe2 Kf5 34. Rag1 Bh5
35. Kf2 Rhb8 36. Qb2 b5 37. h3 gxh3 38. Rxh3 hxg3+ 39. Rgxg3 Rg8 40. Ne2 Rg4
41. Rxg4 Kxg4 42. Qa1 Rg8 43. Qh1 1-0

[Event "15. OIBM Bad Wiessee"]
[Site "Bad Wiessee"]
[Date "2011.10.29"]
[Round "1.32"]
[White "Helmschrott, Otto"]
[Black "Smirnov, Artem"]
[Result "0-1"]
[WhiteElo "2054"]
[BlackElo "2444"]
[PlyCount "38"]
[EventDate "2011.??.??"]

1. e4 c5 2. c3 Nf6 3. e5 Nd5 4. d4 cxd4 5. Nf3 Nc6 6. cxd4 d6 7. a3 Bg4 8. Bc4
e6 9. Be2 dxe5 10. dxe5 Be7 11. O-O O-O 12. Re1 Qc7 13. b4 Rfd8 14. Nfd2 Bf5
15. Bb2 Nxe5 16. Qb3 Bf6 17. Nc3 Nxc3 18. Bxc3 Ng4 19. Bxg4 Qxc3 0-1

[Event "15. OIBM Bad Wiessee"]
[Site "Bad Wiessee"]
[Date "2011.10.29"]
[Round "1.33"]
[White "Siebrecht, Sebastian"]
[Black "Janasik, Gerhard"]
[Result "1-0"]
[WhiteElo "2471"]
[BlackElo "2006"]
[PlyCount "83"]
[EventDate "2011.??.??"]
[WhiteTeam "Sportfreunde Katernberg 1913 e.V"]
[BlackTeam "SF Pfullingen"]

1. d4 d5 2. c4 e6 3. Nf3 Nf6 4. Nc3 Be7 5. Bg5 Nbd7 6. e3 O-O 7. Bd3 a6 8. c5
c6 9. b4 b6 10. O-O a5 11. a3 bxc5 12. bxc5 e5 13. dxe5 Ne8 14. Bxe7 Qxe7 15.
Na4 Nxc5 16. Nxc5 Qxc5 17. Qa4 Bd7 18. Ng5 g6 19. Qh4 h5 20. e6 fxe6 21. Bxg6
Nf6 22. Bxh5 e5 23. Nf3 Qe7 24. Qg5+ Kh8 25. Nxe5 Qg7 26. Bg6 Kg8 27. h4 Ra7
28. Rac1 Rc7 29. Rc5 a4 30. Rfc1 Rfc8 31. Nxd7 Nxd7 32. Rxc6 Rxc6 33. Rxc6 Rxc6
34. Qxd5+ Kh8 35. Qxc6 Qa1+ 36. Kh2 Ne5 37. Qf6+ Kg8 38. Kg3 Qc3 39. h5 Qc7 40.
f4 Qc1 41. Qd8+ Kg7 42. Qe7+ 1-0

[Event "15. OIBM Bad Wiessee"]
[Site "Bad Wiessee"]
[Date "2011.10.29"]
[Round "1.34"]
[White "Stadler, Wolfgang"]
[Black "Mainka, Romuald"]
[Result "0-1"]
[WhiteElo "2063"]
[BlackElo "2488"]
[PlyCount "86"]
[EventDate "2011.??.??"]
[WhiteTeam "SK München Südost e.V."]
[BlackTeam "Schachclub Hansa Dortmund e.V."]

1. e4 c5 2. Nf3 e6 3. b3 b6 4. Bd3 Bb7 5. O-O d6 6. Re1 Nd7 7. Bf1 Ngf6 8. Nc3
Be7 9. Bb2 O-O 10. Rc1 a6 11. a4 Qc7 12. h3 Rad8 13. d3 Rfe8 14. Ne2 Nf8 15.
Ng3 Ng6 16. c3 Qb8 17. Nd2 d5 18. Qc2 Bd6 19. Ne2 Bc7 20. g3 dxe4 21. Nxe4 Nxe4
22. dxe4 Ne5 23. Bg2 Nd3 24. Rf1 Nxc1 25. Bxc1 Qc8 26. Bg5 f6 27. Bf4 Bxf4 28.
Nxf4 Qd7 29. Qe2 Qc7 30. h4 Qf7 31. Re1 e5 32. Nd5 f5 33. c4 f4 34. Bh3 Rd6 35.
Bf5 Bc8 36. g4 f3 37. Qe3 Bb7 38. g5 Qh5 39. Bh3 Qxh4 40. Qxf3 Qxg5+ 41. Kf1
Rf8 42. Qd3 Bxd5 43. cxd5 Rdf6 0-1

[Event "15. OIBM Bad Wiessee"]
[Site "Bad Wiessee"]
[Date "2011.10.29"]
[Round "1.35"]
[White "Pezerovic, Edin"]
[Black "Jahn, Daniel"]
[Result "1-0"]
[WhiteElo "2455"]
[BlackElo "1989"]
[PlyCount "54"]
[EventDate "2011.??.??"]
[WhiteTeam "TV Tegernsee"]
[BlackTeam "SG Niederkassel"]

1. d4 c5 2. d5 d6 3. g3 g6 4. Bg2 Bg7 5. e4 Nf6 6. Ne2 O-O 7. O-O b5 8. c3 a5
9. a4 b4 10. c4 Ra7 11. Ra2 Ne8 12. Nf4 e5 13. dxe6 fxe6 14. Be3 Nc7 15. h4 Nc6
16. e5 Nxe5 17. b3 Nf7 18. Nd2 e5 19. Nd5 Ne6 20. Ne4 Nd4 21. f4 Nh6 22. fxe5
Bg4 23. Qd3 Rxf1+ 24. Qxf1 Ndf5 25. Bg5 Qf8 26. e6 Be5 27. e7 Rxe7 1-0

[Event "15. OIBM Bad Wiessee"]
[Site "Bad Wiessee"]
[Date "2011.10.29"]
[Round "1.36"]
[White "Boes, Christoph"]
[Black "Bluebaum, Matthias"]
[Result "0-1"]
[WhiteElo "1920"]
[BlackElo "2388"]
[PlyCount "74"]
[EventDate "2011.??.??"]
[WhiteTeam "SGem Pang/Rosenheim"]
[BlackTeam "SC Hansa Dortmund e.V."]

1. e4 e6 2. d3 d5 3. Nd2 Nf6 4. Ngf3 b6 5. g3 dxe4 6. dxe4 Bb7 7. e5 Ng4 8. Qe2
Bc5 9. Ne4 Bxe4 10. Qxe4 Nxf2 11. Bb5+ c6 12. Bxc6+ Kf8 13. Bg5 Nxe4 14. Bxe4
Be7 15. Bxe7+ Kxe7 16. Bxa8 Nd7 17. Be4 Qc7 18. O-O-O Nxe5 19. Nxe5 Qxe5 20.
Bc6 Rd8 21. c3 Qc5 22. Rxd8 Kxd8 23. Rd1+ Ke7 24. Rd7+ Kf6 25. Ba4 Qg1+ 26. Bd1
Qxh2 27. Rxa7 Qxg3 28. a4 Qf4+ 29. Kb1 h5 30. a5 h4 31. axb6 h3 32. Ra4 Qd6 33.
Kc2 Qxb6 34. Rf4+ Ke7 35. Rd4 h2 36. Bf3 e5 37. Rd2 Qg1 0-1

[Event "15. OIBM Bad Wiessee"]
[Site "Bad Wiessee"]
[Date "2011.10.29"]
[Round "1.37"]
[White "Lund, Silas"]
[Black "Abegg, Beat"]
[Result "1-0"]
[WhiteElo "2401"]
[BlackElo "1892"]
[PlyCount "53"]
[EventDate "2011.??.??"]

1. e4 c6 2. d4 d5 3. e5 c5 4. dxc5 e6 5. Be3 Nc6 6. Nf3 Nh6 7. c3 Nf5 8. Bd4 g6
9. Bb5 Bg7 10. O-O O-O 11. Nbd2 Bd7 12. Qe2 Qc7 13. Rfe1 Rfc8 14. Rab1 Nfxd4
15. cxd4 Qa5 16. a3 Nxe5 17. Nxe5 Bxb5 18. Qe3 Qc7 19. f4 b6 20. b4 Bxe5 21.
fxe5 bxc5 22. bxc5 Rcb8 23. Nf3 Bc6 24. Qh6 Rxb1 25. Rxb1 Re8 26. Ng5 f6 27.
exf6 1-0

[Event "15. OIBM Bad Wiessee"]
[Site "Bad Wiessee"]
[Date "2011.10.29"]
[Round "1.38"]
[White "Beulertz, Stefan"]
[Black "Kostic, Vladimir"]
[Result "0-1"]
[WhiteElo "1897"]
[BlackElo "2433"]
[PlyCount "56"]
[EventDate "2011.??.??"]
[WhiteTeam "SC Werl 1981 e.V."]
[BlackTeam "SK München Südost e.V."]

1. e4 c5 2. c3 e6 3. Nf3 d5 4. exd5 exd5 5. d4 Nc6 6. Be2 Bd6 7. O-O Nge7 8.
dxc5 Bxc5 9. Nbd2 Bg4 10. Nb3 Bd6 11. Nbd4 O-O 12. h3 Bh5 13. Be3 Re8 14. Qd2
Qd7 15. Rfe1 Bg6 16. Rad1 Rad8 17. Bf4 Bc5 18. Bd3 Bxd4 19. cxd4 Bxd3 20. Qxd3
Qf5 21. Qd2 Ng6 22. Bg3 Re4 23. Qg5 Qxg5 24. Nxg5 Rxe1+ 25. Rxe1 Nxd4 26. Bc7
Rc8 27. Ba5 h6 28. Bc3 Nc2 0-1

[Event "15. OIBM Bad Wiessee"]
[Site "Bad Wiessee"]
[Date "2011.10.29"]
[Round "1.39"]
[White "Meister, Peter"]
[Black "Wiederspahn, Markus"]
[Result "1-0"]
[WhiteElo "2428"]
[BlackElo "2052"]
[PlyCount "71"]
[EventDate "2011.??.??"]
[WhiteTeam "FC Bayern München e.V."]
[BlackTeam "SF Forst 1971"]

1. d4 d5 2. Nf3 Nf6 3. e3 g6 4. c4 c6 5. Bd3 Bg7 6. O-O O-O 7. Nc3 Bg4 8. h3
Bxf3 9. Qxf3 e6 10. Rd1 Nbd7 11. b3 Qc7 12. a4 Rfe8 13. Ra2 Rad8 14. Rc2 Qb8
15. Ba3 dxc4 16. bxc4 e5 17. Bf1 e4 18. Qe2 Nh5 19. g4 Nhf6 20. Bg2 g5 21. Rcc1
c5 22. dxc5 Qe5 23. Nd5 Rc8 24. Bb2 Qe6 25. Nxf6+ Bxf6 26. Rd6 Qe7 27. Rxd7
Qxd7 28. Bxf6 Rxc5 29. Ba1 Rc6 30. Rd1 Qc7 31. Qb2 f6 32. c5 Rce6 33. Rd5 h6
34. Rf5 Rf8 35. Qb3 Qf7 36. Bf1 1-0

[Event "15. OIBM Bad Wiessee"]
[Site "Bad Wiessee"]
[Date "2011.10.29"]
[Round "1.40"]
[White "Bandow, Alexander"]
[Black "Morawietz, Dieter"]
[Result "0-1"]
[WhiteElo "2058"]
[BlackElo "2432"]
[PlyCount "60"]
[EventDate "2011.??.??"]

1. c4 e5 2. Nc3 Nf6 3. g3 c6 4. Bg2 d5 5. cxd5 cxd5 6. Qb3 Nc6 7. Nxd5 Nd4 8.
Nxf6+ gxf6 9. Qd1 Qc7 10. Rb1 Be6 11. b3 Rc8 12. Bb2 Nc2+ 13. Kf1 Ba3 14. Nf3
O-O 15. Ne1 Bxb2 16. Rxb2 Nxe1 17. Kxe1 Qa5 18. Be4 Qb4 19. f3 f5 20. Bc2 Rfd8
21. e3 Rd6 22. Rg1 a5 23. Bb1 a4 24. Rc2 Rcd8 25. bxa4 Rd3 26. Ke2 Bc4 27. Rxc4
Rxd2+ 28. Qxd2 Qxd2+ 29. Kf1 Qd1+ 30. Kg2 Rd2+ 0-1

[Event "15. OIBM Bad Wiessee"]
[Site "Bad Wiessee"]
[Date "2011.10.29"]
[Round "1.41"]
[White "Zude, Arno"]
[Black "Stuhler, Josef"]
[Result "1-0"]
[WhiteElo "2431"]
[BlackElo "1965"]
[PlyCount "47"]
[EventDate "2011.??.??"]
[WhiteTeam "SV 1920 Hofheim"]
[BlackTeam "TSV Wertingen 1862 SAbt"]

1. e4 d6 2. d4 Nf6 3. Nc3 g6 4. f4 Bg7 5. Nf3 c5 6. Bb5+ Bd7 7. Bxd7+ Nfxd7 8.
d5 b5 9. Nxb5 Qa5+ 10. Nc3 Bxc3+ 11. bxc3 Qxc3+ 12. Bd2 Qc4 13. Qe2 Nb6 14.
Qxc4 Nxc4 15. Ke2 Nd7 16. Kd3 Nxd2 17. Nxd2 O-O 18. Rhb1 Rab8 19. Nc4 Rxb1 20.
Rxb1 Rb8 21. Rxb8+ Nxb8 22. e5 dxe5 23. Nxe5 Kf8 24. Kc4 1-0

[Event "15. OIBM Bad Wiessee"]
[Site "Bad Wiessee"]
[Date "2011.10.29"]
[Round "1.42"]
[White "Schneider, Andreas"]
[Black "Fedorovsky, Michael"]
[Result "0-1"]
[WhiteElo "2040"]
[BlackElo "2416"]
[PlyCount "78"]
[EventDate "2011.??.??"]
[WhiteTeam "SC 1911 Großröhrsdorf"]
[BlackTeam "SC Tarrasch 45 München"]

1. e4 c5 2. Nf3 Nc6 3. d4 cxd4 4. Nxd4 Nf6 5. Nc3 e5 6. Ndb5 d6 7. Bg5 a6 8.
Na3 b5 9. Nd5 Be7 10. Bxf6 Bxf6 11. c3 Bg5 12. Nc2 Ne7 13. Nce3 Bxe3 14. Nxe3
Bb7 15. a4 b4 16. cxb4 Bxe4 17. b5 O-O 18. bxa6 d5 19. f3 Bg6 20. Bb5 f5 21.
Qd2 d4 22. Nc4 e4 23. O-O-O d3 24. Rhe1 Nd5 25. g4 exf3 26. Qxd3 Qg5+ 27. Qd2
Nf4 28. Ne5 fxg4 29. Bc4+ Kh8 30. Nxg6+ Qxg6 31. b3 h5 32. Qd7 Qg5 33. Kb1 Rfc8
34. a7 Qa5 35. Re7 Rd8 36. Rxg7 Rxd7 37. Rdxd7 Qf5+ 38. Kb2 Qe5+ 39. Ka3 Qxg7
0-1

[Event "15. OIBM Bad Wiessee"]
[Site "Bad Wiessee"]
[Date "2011.10.29"]
[Round "1.44"]
[White "Rueckleben, Hermann"]
[Black "Grandadam, Nicolas"]
[Result "0-1"]
[WhiteElo "2015"]
[BlackElo "2336"]
[PlyCount "58"]
[EventDate "2011.??.??"]
[WhiteTeam "SC Waldbronn"]
[BlackTeam "SC Brombach e.V."]

1. c4 e6 2. Nf3 d5 3. e3 Nf6 4. Qc2 c5 5. b3 Nc6 6. a3 Be7 7. Bb2 O-O 8. Be2 b6
9. cxd5 exd5 10. d4 Be6 11. Nbd2 Rc8 12. Ne5 Na5 13. Ba6 Rc7 14. Rc1 Bd6 15.
Qd1 cxd4 16. exd4 Ne4 17. Nxe4 Rxc1 18. Bxc1 dxe4 19. Nc4 Nc6 20. Be3 Bb8 21.
Bb7 Qd7 22. Bxc6 Qxc6 23. Nb2 Qc3+ 24. Qd2 Qxb3 25. O-O Qxa3 26. Rc1 Qd6 27. g3
Bd5 28. Nc4 Qe6 29. Ne5 g6 0-1

[Event "15. OIBM Bad Wiessee"]
[Site "Bad Wiessee"]
[Date "2011.10.29"]
[Round "1.45"]
[White "Kotainy, Jens"]
[Black "Weyer, Hans-Juergen"]
[Result "1-0"]
[WhiteElo "2406"]
[BlackElo "1985"]
[PlyCount "57"]
[EventDate "2011.??.??"]
[WhiteTeam "Sportfreunde Katernberg 1913 e.V"]
[BlackTeam "SV 1949 Herzogenrath"]

1. e4 e6 2. d4 d5 3. Nc3 Bb4 4. e5 c5 5. Bd2 cxd4 6. Nb5 Bxd2+ 7. Qxd2 Nc6 8.
f4 Nge7 9. Nd6+ Kf8 10. Nf3 Bd7 11. O-O-O Nc8 12. Nb5 a6 13. Nbxd4 Nxd4 14.
Nxd4 Qb6 15. g4 Ne7 16. Qf2 Rc8 17. Bd3 Qa5 18. Kb1 Nc6 19. f5 exf5 20. Nxc6
Rxc6 21. gxf5 Qc5 22. Qf4 f6 23. e6 Bc8 24. Rhg1 b5 25. Qg4 Rc7 26. Rde1 Re7
27. Qf4 Qc7 28. Qb4 Qb6 29. Rxg7 1-0

[Event "15. OIBM Bad Wiessee"]
[Site "Bad Wiessee"]
[Date "2011.10.29"]
[Round "1.46"]
[White "Hillebrand, Carsten"]
[Black "Wagner, Dennis"]
[Result "0-1"]
[WhiteElo "2087"]
[BlackElo "2290"]
[PlyCount "110"]
[EventDate "2011.??.??"]
[WhiteTeam "Freier SpV von 1898 Dort"]
[BlackTeam "Kasseler SK 1876"]

1. c4 c5 2. g3 Nc6 3. Bg2 g6 4. Nc3 Bg7 5. a3 e6 6. Rb1 a5 7. b3 Nge7 8. Bb2
O-O 9. Nf3 d5 10. Na4 Bxb2 11. Rxb2 d4 12. O-O b6 13. Rb1 Rb8 14. Nb2 e5 15. d3
Bb7 16. Ne1 Nf5 17. Qd2 h5 18. h4 Re8 19. Be4 Nd6 20. Bd5 Ne7 21. Bxb7 Rxb7 22.
b4 axb4 23. axb4 e4 24. Ng2 Nef5 25. Nd1 Rbe7 26. bxc5 bxc5 27. Qg5 Kh8 28. Nf4
Qc8 29. Nd5 Re5 30. Kh2 R8e6 31. Nf4 Re8 32. Nd5 Kg8 33. Rb3 Qd8 34. Qxd8 Rxd8
35. Nb2 exd3 36. exd3 Re2 37. Kg1 Ra8 38. Nf4 Rd2 39. Nd1 Raa2 40. Rb1 Ne8 41.
Re1 Nf6 42. Re5 Ng4 43. Rxc5 Nxf2 44. Nxf2 Rxf2 45. Ra5 Rad2 46. Rd1 Rg2+ 47.
Nxg2 Rxd1+ 48. Kf2 Rd2+ 49. Kf3 Rxd3+ 50. Ke2 Rxg3 51. Nf4 Nxh4 52. Ra7 Re3+
53. Kd1 Nf3 54. Ng2 Rc3 55. Ke2 Ne5 0-1

[Event "15. OIBM Bad Wiessee"]
[Site "Bad Wiessee"]
[Date "2011.10.29"]
[Round "1.47"]
[White "Forchert, Martin"]
[Black "Heppert, Lars"]
[Result "1-0"]
[WhiteElo "2420"]
[BlackElo "1931"]
[PlyCount "55"]
[EventDate "2011.??.??"]

1. e4 c5 2. Nf3 g6 3. d4 cxd4 4. Nxd4 Nc6 5. c4 Nf6 6. Nc3 Bg7 7. Nc2 d6 8. Be2
O-O 9. O-O Be6 10. Bd2 a5 11. Rc1 a4 12. Na3 Nd4 13. Bd3 Nd7 14. Re1 Nc5 15.
Bf1 Bd7 16. Be3 e5 17. Nc2 Nce6 18. Nd5 Nxc2 19. Rxc2 Bc6 20. Rc3 Nc5 21. Qc2
f5 22. Bd3 Nxd3 23. Qxd3 f4 24. Bb6 Qd7 25. f3 Ra6 26. Bf2 b5 27. Nb4 bxc4 28.
Qxc4+ 1-0

[Event "15. OIBM Bad Wiessee"]
[Site "Bad Wiessee"]
[Date "2011.10.29"]
[Round "1.49"]
[White "Michalczak, Thomas"]
[Black "Bolte, Christoph"]
[Result "1-0"]
[WhiteElo "2316"]
[BlackElo "1983"]
[PlyCount "59"]
[EventDate "2011.??.??"]

1. e4 e6 2. d4 d5 3. Nc3 Nf6 4. e5 Nfd7 5. f4 c5 6. Nf3 Nc6 7. Be3 cxd4 8. Nxd4
Bb4 9. a3 Bxc3+ 10. bxc3 Qa5 11. Qd2 Nc5 12. Nb3 Nxb3 13. cxb3 O-O 14. Bd3 Bd7
15. O-O Ne7 16. b4 Qd8 17. Qe2 Nf5 18. Bc5 Re8 19. Rf3 g6 20. g4 Ng7 21. Rh3 f5
22. exf6 Qxf6 23. Bd4 Qxf4 24. Rf1 Qd6 25. Bc5 Qc7 26. Qf2 Bc6 27. Bd6 Qd7 28.
Qh4 Nf5 29. gxf5 exf5 30. Bxf5 1-0

[Event "15. OIBM Bad Wiessee"]
[Site "Bad Wiessee"]
[Date "2011.10.29"]
[Round "1.50"]
[White "Bergauz, Noam"]
[Black "Kern, Guido"]
[Result "0-1"]
[WhiteElo "1872"]
[BlackElo "2355"]
[PlyCount "52"]
[EventDate "2011.??.??"]

1. e4 e6 2. d4 d5 3. Nd2 Nc6 4. c3 e5 5. dxe5 Nxe5 6. Qa4+ Bd7 7. Qd4 Nc6 8.
Qxd5 Nf6 9. Qb3 Bc5 10. Qc2 Qe7 11. Bd3 Ng4 12. Nh3 O-O-O 13. Be2 Rhe8 14. Bd3
Nce5 15. Be2 Qh4 16. O-O Bb6 17. Nf3 Nxf3+ 18. Bxf3 Ne5 19. Nf4 Nxf3+ 20. gxf3
f5 21. exf5 Bc6 22. f6 gxf6 23. Qf5+ Kb8 24. Ng2 Rg8 25. Kh1 Qxf2 26. Ne3 Rd1
0-1

[Event "15. OIBM Bad Wiessee"]
[Site "Bad Wiessee"]
[Date "2011.10.30"]
[Round "2.1"]
[White "Gerstner, Bernhard"]
[Black "Zhigalko, Sergei"]
[Result "0-1"]
[WhiteElo "2161"]
[BlackElo "2696"]
[PlyCount "82"]
[EventDate "2011.??.??"]
[WhiteTeam "MSA Zugzwang 82 e.V."]

1. Nf3 Nf6 2. c4 e6 3. g3 b6 4. Bg2 Bb7 5. Nc3 Bb4 6. O-O O-O 7. Qb3 a5 8. d4
Re8 9. Rd1 h6 10. Bf4 Bxc3 11. Qxc3 d6 12. Rac1 Nbd7 13. Nd2 Bxg2 14. Kxg2 e5
15. dxe5 Nxe5 16. Bxe5 Rxe5 17. Qf3 Qe8 18. e3 Rd8 19. Nb3 Ne4 20. Rd5 Ng5 21.
Qd1 Ne4 22. Qf3 Nf6 23. Rd4 c5 24. Rd3 d5 25. cxd5 Rexd5 26. Rxd5 Rxd5 27. Rd1
Rxd1 28. Qxd1 Qe4+ 29. Kg1 Kh7 30. Nc1 c4 31. Ne2 b5 32. Nc3 Qc6 33. Qd4 b4 34.
Ne2 Qf3 35. Qd2 Ne4 36. Qe1 Ng5 37. Nf4 Qe4 38. Qd1 Nf3+ 39. Kg2 Ne5+ 40. Kg1
c3 41. bxc3 bxc3 0-1

[Event "15. OIBM Bad Wiessee"]
[Site "Bad Wiessee"]
[Date "2011.10.30"]
[Round "2.2"]
[White "Nisipeanu, Liviu-Dieter"]
[Black "Krüger, Rainer"]
[Result "1-0"]
[WhiteElo "2638"]
[BlackElo "2196"]
[PlyCount "67"]
[EventDate "2011.??.??"]
[BlackTeam "Erfurter SK"]

1. Nf3 Nf6 2. c4 d5 3. cxd5 Nxd5 4. d4 g6 5. e4 Nb6 6. h3 Bg7 7. Nc3 O-O 8. Be2
c6 9. O-O a5 10. Bf4 Be6 11. Re1 Bc4 12. Bxc4 Nxc4 13. Qe2 Nb6 14. Rad1 e6 15.
h4 a4 16. h5 Ra5 17. hxg6 fxg6 18. Bxb8 Qxb8 19. e5 Nd5 20. Ne4 Bh6 21. g3 a3
22. b3 Qd8 23. Kg2 g5 24. Rh1 Kg7 25. Rxh6 Kxh6 26. Nfxg5 Qe8 27. Rh1+ Kg7 28.
Rxh7+ Kg8 29. Qg4 Qg6 30. Qh4 Re8 31. Rh8+ Kg7 32. Rxe8 Qxe8 33. Qh7+ Kf8 34.
Nd6 1-0

[Event "15. OIBM Bad Wiessee"]
[Site "Bad Wiessee"]
[Date "2011.10.30"]
[Round "2.3"]
[White "Kassani, Sam"]
[Black "Negi, Parimarjan"]
[Result "0-1"]
[WhiteElo "1998"]
[BlackElo "2631"]
[PlyCount "76"]
[EventDate "2011.??.??"]
[WhiteTeam "Sollentuna sk"]

1. e4 c5 2. Nf3 d6 3. d4 cxd4 4. Nxd4 Nf6 5. Nc3 a6 6. Bg5 e6 7. f4 Qb6 8. Qd2
Nc6 9. Bxf6 gxf6 10. Nb3 Bd7 11. Be2 h5 12. h4 Na5 13. O-O-O Nxb3+ 14. cxb3
O-O-O 15. Kb1 Kb8 16. Bf3 Bc6 17. Qe2 Qa5 18. Rhe1 f5 19. b4 Qxb4 20. exf5 Bg7
21. Rc1 {Diagramm #} d5 $1 {der Beginn einer großen Karriere!} 22. fxe6 d4 $1
23. e7 dxc3 $1 24. exd8=Q+ Rxd8 25. Red1 Re8 26. Qf2 {Diagramm #} Ba4 $1 27. a3
Qxb2+ 28. Qxb2 cxb2 {"Vom Tellerwäscher zum Millionär"! Vor 7 Zügen stand
dieser Bauer noch auf d6!} 29. Rc2 Bxc2+ 30. Kxc2 Rc8+ 31. Kb1 Rc3 32. Bxh5
Rxa3 33. Bf3 (33. Kc2 f5 (33... Ra1 $2 34. Rb1 a5 35. Bxf7 a4 36. g4 b5 37. g5
b4 38. Rxb2 Bxb2 39. Kxb2 Rg1 40. h5 Rg2+ $11) 34. Bg6 Rg3 35. Bxf5 Rxg2+ 36.
Kb1 Rf2 {ist ebenfalls hoffnungslos}) 33... Ra1+ 34. Kc2 a5 35. h5 a4 36. h6
Bh8 37. Be4 a3 38. Rb1 a2 0-1

[Event "15. OIBM Bad Wiessee"]
[Site "Bad Wiessee"]
[Date "2011.10.30"]
[Round "2.5"]
[White "Krauseneck, Peter"]
[Black "Volkov, Sergey"]
[Result "0-1"]
[WhiteElo "2230"]
[BlackElo "2614"]
[PlyCount "116"]
[EventDate "2011.??.??"]
[WhiteTeam "SC 1868 Bamberg"]

1. e4 e6 2. d4 d5 3. Nd2 Nf6 4. e5 Nfd7 5. Bd3 c5 6. c3 Nc6 7. Ne2 cxd4 8. cxd4
f6 9. exf6 Nxf6 10. O-O Bd6 11. Nf3 O-O 12. Bf4 Bxf4 13. Nxf4 Ne4 14. Qc1 Ng5
15. Nxg5 Qxg5 16. Ne2 Qf6 17. Qd2 Bd7 18. Bb5 Nb8 19. Bd3 Be8 20. Rac1 Nc6 21.
b4 a6 22. a3 Rd8 23. b5 axb5 24. Bxb5 Ra8 25. Rc3 Na5 26. Bd3 b5 27. Qe3 Nc4
28. Bxc4 bxc4 29. Rb1 Bg6 30. Rb6 Bf5 31. Nf4 Be4 32. g3 Rab8 33. Rxb8 Rxb8 34.
f3 Rb1+ 35. Kg2 Rb2+ 36. Kf1 Bg6 37. Qxe6+ Qxe6 38. Nxe6 Rb3 39. Rc1 Rxf3+ 40.
Kg2 Rxa3 41. Rf1 Ra8 42. Kf3 h6 43. Rc1 Ra2 44. h4 Ra6 45. Nf4 Be4+ 46. Kg4 Ra3
47. h5 Kf7 48. Rf1 Ke7 49. Ng6+ Kd6 50. Ne5 c3 51. Kf4 c2 52. Nc4+ dxc4 53.
Kxe4 Rxg3 54. Rc1 Rg2 55. Kf3 Rd2 56. Ke3 c3 57. Ke4 Ke6 58. d5+ Kd6 0-1

[Event "15. OIBM Bad Wiessee"]
[Site "Bad Wiessee"]
[Date "2011.10.30"]
[Round "2.6"]
[White "Markowski, Tomasz"]
[Black "Lutz, Albert"]
[Result "1-0"]
[WhiteElo "2607"]
[BlackElo "2191"]
[PlyCount "49"]
[EventDate "2011.??.??"]
[WhiteTeam "SK König Plauen"]
[BlackTeam "SK Krumbach"]

1. d4 d5 2. Nf3 Nf6 3. g3 c6 4. Bg2 g6 5. O-O Bg7 6. b3 O-O 7. Bb2 Bf5 8. c4
Nbd7 9. Nc3 Be4 10. e3 e6 11. Rc1 Re8 12. Qe2 Qa5 13. Rfd1 Rad8 14. a3 Bxf3 15.
Bxf3 dxc4 16. Qxc4 Qf5 17. Qe2 h5 18. e4 Qg5 19. e5 Nd5 20. Ne4 Qh6 21. Nd6 Re7
22. Nxb7 Rb8 23. Na5 h4 24. Nxc6 Rxb3 25. Bxd5 1-0

[Event "15. OIBM Bad Wiessee"]
[Site "Bad Wiessee"]
[Date "2011.10.30"]
[Round "2.7"]
[White "Engelbert, Christoph"]
[Black "Graf, Alexander"]
[Result "0-1"]
[WhiteElo "2156"]
[BlackElo "2628"]
[PlyCount "60"]
[EventDate "2011.??.??"]
[WhiteTeam "Hamburger SK von 1830 eV"]
[BlackTeam "SK König Plauen"]

1. e4 c5 2. c3 g6 3. d4 cxd4 4. cxd4 d5 5. exd5 Nf6 6. Nc3 Bg7 7. Bc4 O-O 8.
Nf3 Nbd7 9. d6 exd6 10. O-O Nb6 11. Bb3 Bf5 12. a4 Rc8 13. a5 Nc4 14. Bxc4 Rxc4
15. Qb3 Qc8 16. Nb5 Be6 17. Qa3 Qd7 18. Nc3 Bg4 19. Ne2 Nd5 20. h3 Bf5 21. Ng3
Bc2 22. b3 Rc3 23. Qa4 Qxa4 24. bxa4 Rc4 25. Ba3 Rd8 26. Rfc1 Bh6 27. Re1 Rxa4
28. Re2 Bd3 29. Rb2 Rd7 30. Rb3 Bc4 0-1

[Event "15. OIBM Bad Wiessee"]
[Site "Bad Wiessee"]
[Date "2011.10.30"]
[Round "2.8"]
[White "Baklan, Vladimir"]
[Black "Gypser, Andreas"]
[Result "1-0"]
[WhiteElo "2617"]
[BlackElo "2165"]
[PlyCount "87"]
[EventDate "2011.??.??"]
[WhiteTeam "SG Porz e.V."]
[BlackTeam "SK 1912 Ludwigshafen"]

1. e4 e5 2. Nf3 Nc6 3. Bb5 a6 4. Ba4 Nf6 5. O-O Be7 6. Bxc6 dxc6 7. d3 Nd7 8.
Nbd2 O-O 9. Nc4 f6 10. Nh4 c5 11. Nf5 Nb8 12. Qg4 Bxf5 13. Qxf5 Nc6 14. Ne3 Qc8
15. Qh5 Bd6 16. Nd5 Nb4 17. Ne3 Nc6 18. h3 Qe6 19. Qg4 Qf7 20. Nf5 Kh8 21. f4
Rad8 22. Be3 Rfe8 23. fxe5 Nxe5 24. Qg3 Bf8 25. Bf4 Qd7 26. b3 a5 27. a4 b6 28.
Kh1 Qc6 29. Rf2 Rd7 30. Bd2 Ng6 31. h4 Bd6 32. Qh3 Be5 33. Raf1 Ne7 34. Ne3 Ng8
35. Rf3 Qe6 36. g4 c6 37. g5 Qxh3+ 38. Rxh3 Bc7 39. Ng4 Bd8 40. Bc3 fxg5 41.
hxg5 Bxg5 42. Ne5 Rxe5 43. Bxe5 Nf6 44. Rf5 1-0